NBA Teams With Most Followers on X (Twitter) - Statistics

General Stats
  • This quiz has been taken 49 times
    28 since last reset
  • The average score is 9 of 11
Answer Stats
Number of Followers NBA Team % Correct
11.8M Los Angeles Lakers
100%
8.3M Golden State Warriors
95%
2.6M Oklahoma City Thunder
90%
3.9M Boston Celtics
86%
3.0M Cleveland Cavaliers
86%
4.4M Miami Heat
86%
4.2M Chicago Bulls
76%
2.3M New York Knicks
76%
3.2M San Antonio Spurs
76%
3.0M Houston Rockets
71%
2.3M Toronto Raptors
71%
No matching quizzes found
Score Distribution
Percent of People with Each Score
Percentile by Number Answered
Your Score History
You have not taken this quiz since the last reset